000 00459nam a2200181Ia 4500
008 131103s9999 xx 000 0 und d
020 _a451181751
040 _aLoreto College
041 _aEnglish
082 _aF/HIG
_bLCBED/11744
100 _aHiggins, Jack
245 _aOn Dangerous ground
_cJack Higgins
260 _aLondon
_bA Signet Book
_c1996
300 _a308p.
_c 19cm.
650 _aEnglish Fiction
850 _aLCBED/F/HIG
942 _cBK
999 _c32376
_d82855